01262nam a2200277 i 450000100060000000300090000600500170001500700030003200800410003502000180007602000180009408000210011224500520013326000420018530000280022749000500025550001530030550502610045865100500071970000440076970000170081374000430083074000260087383000470089985200380094618380ES-MaACL20250815043254.0t|011213m19801999sp ||||1| spa d a84-239-4981-8 a84-239-8913-5 a946.0"0711/1492"03aLa España cristiana de los siglos VIII al XI. aMadrid : bEspasa-Calpe, c1980-1999. a2 v. : bil. ; c27 cm.1 aHistoria de España Menéndez Pidal ; v6,7 aPubl. a partir del t. 35, v.1º (1989) con el tit.: Historia de España Menéndez Pidal ; anteriormente publ. con el tít.: Historia de España.8 aContine: Tº 7, 1º. El reino astur-leonés (722 a 1037) : sociedad, economía, gobierno, cultura y vida / por Claudio Sánchez-Albornoz -- Tº 7, 2º. Los nucleos pirenaicos (718-1035) : Navarra, Aragón, Cataluña / por Manuel Riu y Riu ... [et al.] 4aEspaña-xHistoria-y0711-1492, Reconquista.1 aSánchez-Albornoz, Claudio,d1893-19841 aRiu, Manuel.0 aHistoria de España Menéndez Pidal.0 aHistoria de España.00aHistoria de España Menéndez Pidalv6,7 aES-MaACLjJ-64 tº 6-7 bR.131078